000 01605nam a22003137a 4500
001 9253
003 FISKH
005 20251205114237.0
008 251205b cb ||||| |||| 00| 0 eng d
020 _a9780545344739
040 _aFISKH
_beng
_cFISKH
_dFISKH
050 _a PN6790.I72 C65
082 _a741.59415
100 _aColfer, Eoin
245 _aArtemis fowl :
_bThe graphic novel /
_cAdapted by Eoin Colfer and Andrew Donkin : Art by Giovanni Rigano , Color by Paolo Lamanna
260 _aNew York :
_bScholastic ,
_c2007 .
300 _a112 unnumbered pages :
_bcolor illustrations ;
_c23​ cm .
490 _aArtemis Fowl (Graphic Novels — 1)
_v1
505 _aI
520 _aIn 2001, audiences first met and fell in love with a twelve-year-old criminal mastermind named Artemis Fowl. Since then, the series has sold over seven million copies in the United States alone. Now, this phenomenally successful series is being translated into a graphic novel format. Eoin Colfer has teamed up with established comic writer Andrew Donkin to adapt the text. For the first time, rabid fans will be able to see what Foaly's tin hat looks like; discover just how "Beet" Root got his name; and of course, follow their favorite criminal mastermind as he plots and connives in action-packed, full-color panels.
521 8 _a460
_bLexile GN
521 8 _aI
_bRaz-Plus
650 _aGraphic novel
_vComic
650 _aUnderground city
_vComic
700 _aRigano, Giovanni
_eAdapter
700 _aLamanna, Paolo
_eIllustrator
942 _2ddc
_cBK
_n0
999 _c9253
_d9253